000 00921nam a2200277Ia 4500
003 OSt
005 20220930201237.0
006 a|||||r|||| 00| 0
007 ta
008 220926b |||||||| |||| 00| 0 hin d
024 _a72347
037 _cDissertations
040 _aCRL
_cCRL
_bhin
041 _2hin
_ahin
100 _aAggarwal Shobha
_9565638
110 _aUniversity of Delhi. Faculty of Arts. Department of Hindi
245 0 _aHindi vyakaran (Kamta Prasad Guru) aur Hindi shabdanushasan (Kishori Das Vajpai) ke kriya vivechan ka tulnatmak adhyayan
260 _c1978
300 _a86p.
_ccm.
650 _aHINDI LITERATURE
_923866
700 _a Dr. Nagendra Gu.
700 _a Dr. Udai Bhanu Singh Gu.
700 _aUniversity of Delhi. Faculty of Arts. Department of Hindi
942 _cDIS
_2CC
999 _c901641
_d901641